000 00571nam a2200205Ia 4500
003 OSt
005 20230603091749.0
008 210423s2003 xx 000 0 und d
040 _cAL
041 _aeng
082 _a305.231
_223
_bADOC
100 _aAdoption centre
_9119095
245 _aChildren in residential care: projects for change
260 _aSweden
_bAdoption centre
_c2003
365 _cINR
650 _aSocial Groups
_9119096
650 _aSocial Sciences
_9119097
906 _acare: ; change. ; Children ; projects ; residential
942 _2ddc
_cBK
999 _c174816
_d174816